000 01680cam a22004574i 4500
003 PE-LiUPU
005 20250731173007.0
008 150623s1991 pe rb 000 0 spa d
035 _a(Sirsi) a22296
040 _aPE-LiUPU
_bspa
_cPE-LiUPU
_erda
049 _aPRUA
082 0 4 _a253.7
_bH43
_221
100 1 _aParedes, Tito,
_eautor.
245 1 0 _aHacia una visión evangélica de los 500 años /
_cTito Paredes.
264 1 _aLima :
_bCONEP. CEMAA-FE "Orlando E. Costas",
_c1991.
300 _a50 páginas ;
_c30 centímetros.
336 _atext
_2rdacontent
337 _aunmediated
_2rdamedia
338 _avolume
_2rdacarrier
490 0 _aDocumentos ;
_v01
500 _aDatos de la cubierta.
504 _aIncluye bibliografía.
505 0 _aLa historia gris -- Una perspectiva evangelica sobre la cuestion indigena al proposito de los 500 años -- Piratas, artesanos y locos en la America española "herejía luterana, siglo XVI.
526 _aSEG42
526 _aSEG41
526 _aSEG40
526 _aSEG39
526 _aP94
526 _aP87
526 _aP86
526 _aP85
526 _aP77
526 _aP76
526 _aP35
650 0 4 _aIglesias evangélicas
_zPerú
_xHistoria.
942 _2ddc
_cBOOK
949 _a253.7 H43
_wDEWEY
_c1
_i46075
_lCCODEBUL1
_mBUL
_p00.00
_r0
_sY
_tBOOK
_u2015-06-24
_xBIBLIOTECA
_zUNKNOWN
_0COMPRA
_o.STAFF. Colección General
596 _a1
999 _a253.7 H43
_wDEWEY
_c22851
_i46075
_d22851
_e2016-11-6
_f2021-11-12
_g5
_lCCODEBUL1
_mBUL
_n3
_p5.00
_r0
_sY
_tBOOK
_u2015-6-24
_xTEOLOGIA
_PP35
_0COMPRA
_o.STAFF. Colección Teología
980 _81
_gALBERTO SANCHEZ Responsable de Automatización